Statistics for Every YG Song on the Billboard Hot 100

Click here to take the quiz!

General Stats

  • This quiz has been taken 29 times
    (12 since last reset)
  • The average score is 9 of 20

Answer Stats

#YearSong% Correct
162018Big Bank ft. 2 Chainz, Big Sean & Nicki Minaj
80%
542014Who Do You Love? ft. Drake
80%
192013My Hitta ft. Jeezy & Rich Homie Quan
70%
62014Don't Tell 'Em (Jeremih)
60%
622016Why You Always Hatin? ft. Drake & Kamaiyah
60%
502019Go Loko (Tyga & Jon Z)
50%
982019Stop Snitching
50%
672010Toot It And Boot It
50%
1002013Act Right (Yo Gotti) ft. Jeezy
40%
982018Handgun ft. A$AP Rocky
40%
752019La La Land (Bryce Vine)
40%
432020Slide (H.E.R.)
40%
992017Extra Luv (Future)
30%
892017I Don't (Mariah Carey)
30%
702015Ride Out (Kid Ink, Tyga, Wale & Rich Homie Quan)
30%
572018She Bad (Cardi B)
30%
1002012Snitches Ain't... ft. Tyga, Snoop Dogg & Nipsey Hussle
30%
762019Last Time That I Checc'd (Nipsey Hussle)
20%
962018Proud (2 Chainz) ft. Offset
20%
202018Same Bitches (Post Malone) ft. G-Eazy
20%

Score Distribution

Percentile by Number Answered

Percent of People with Each Score

Your Score History

You have not taken this quiz since the last reset